000 00679cam a22001934a 4500
005 20250605163417.0
008 250528s ||||||||||||||||||||||||d
035 _a18571
020 _a4938586185
040 _aGR-AtMCL
_bgre
_dGR-AtMCL
_eAACR2
245 1 _aFashion Insignia / Patches and Emblems
260 _bP.I.E. Books,
_c1991
300 _a226
505 0 _aIntroduction, Emblem Clothing in Japan, Embroidered Insignia, Miscellaneous Insignia, Fashion Accessory Trends, Index.
520 _aIntroduction, Emblem Clothing in Japan, Embroidered Insignia, Miscellaneous Insignia, Fashion Accessory Trends, Index.
942 _cBK
999 _c3920
_d3920